000 00679nam a2200241Ia 4500
003 OSt
005 20220924122459.0
006 a|||||r|||| 00| 0
007 ta
008 220923b |||||||| |||| 00| 0 fre d
024 _a34948
037 _cTextual
040 _aARTS
_cARTS
_bfre
041 _2fre
_afre
082 _aO122,1N06x, 111K9-;1
100 _aSenghor Leopold Sedar
_9114443
245 0 _aNocturnes tr by John Reed and Clive Wake
260 _aLondon
_bHeinemann
_c1969
300 _a59p.
_ccm.
650 _aENGLISH LITERATURE
942 _hO122,1N06x, 111K9-;1
_cTEXL
_2CC
999 _c411787
_d411787